000 06671nam a22006497a 4500
005 2011070401451.0
010 _aB-436342-379
020 _a9788123754642
_c50.00
035 _aB-436342-379
037 _aDPL
_bBlue Berry
082 _aS
100 _aBond, Ruskin
_930250
245 _aGrowing up with trees /
_cby Ruskin Bond; illustrated by Judhajit Sengupta
260 _aNew Delhi
_bPratham Books
_c2010
270 _a633-634,4th "C" Main,6th 'B' Cross, OMBR Layout Banaswadi,
_bBangalore
_e560043
_k911141042483 (New Delhi)
300 _a64p.
_bill.
_c24 cm.(pbk)
942 _2ddc
_cCH
_hS
_mBON
999 _c53557
_d53557